000 00536 a2200193 4500
999 _c196559
_d196559
005 20230717110859.0
010 _aENG-137408
020 _a9789351866046
_c500.00
035 _aEN-120940
037 _bDBAD/Pub
082 1 4 _a882
100 _aSinha, N.C.
245 1 _aHigh School Essays/
_cN. C. Sinha
250 _aFirst edition.
260 _aDelhi
_bPrabhat Prakashan,
_c2016
270 _a4/19,Asaf Ali Road,
_bNew Delhi
_e110002
300 _a344p.;
_c23cm(hb)
942 _cEN
_2ddc
_h882
_mSIN
_eFirst edition